| 000 | 00930nam a2200289 i 4500 | ||
|---|---|---|---|
| 001 | bg | ||
| 100 | 1 |
_aProust, Marcel _d(1871-1922). |
|
| 245 | 1 | 0 |
_aW stronę Swanna / _cMarcel Proust ; przekł. Tadeusz Boy-Żeleński. |
| 246 | 1 |
_iTyt. oryg.: _aDu côté de chez Swann |
|
| 260 |
_aKraków : _b"Mediasat Poland", _c[2004]. |
||
| 300 |
_a377, [2] s. ; _c22 cm. |
||
| 490 | 1 |
_aKolekcja Gazety Wyborczej : XX wiek ; _v12 |
|
| 500 | _aTyt. oryg.: "Du côté de chez Swann". T. 1 cyklu: W poszukiwaniu straconego czasu. | ||
| 650 | 9 |
_aPowieść francuska _y20 w. |
|
| 700 | 1 |
_aŻeleński, Tadeusz _d(1874-1941). _eTł. |
|
| 830 | 0 |
_aKolekcja Gazety Wyborczej ; _v12 |
|
| 020 | _a8389651610 | ||
| 020 | _a8497895509 | ||
| 040 | _cBPK | ||
| 041 | 1 |
_apol _hfre |
|
| 044 | _aPOL | ||
| 080 | _a821.133.1-3 | ||
| 920 | _a83-89651-61-0 | ||
| 920 | _a84-9789-550-9 | ||
| 942 | _cKS | ||
| 008 | s pl f |000 0 pol | ||
| 999 |
_c55649 _d55649 |
||
| 856 |
_uhttp://koha.tu.koszalin.pl/cgi-bin/koha/opac-detail.pl?biblionumber=55649 _yKatalog online BPK |
||